[Event "Aut_chT1112"]
[Site "Jenbach"]
[Date "2012.03.02"]
[Round "5"]
[Board "6"]
[White "Perhinig, Robert"]
[Black "Vyskocil, Neklan"]
[Result "1/2-1/2"]
[WhiteElo "2253"]
[BlackElo "2320"]
[PlyCount "63"]
[EventDate "2012.01.20"]
[EventType "team"]
[EventRounds "11"]
[EventCountry "AUT"]
[WhiteTeam "SV Raika Rapid Feffernitz"]
[BlackTeam "SK Zwettl"]

1. d4 Nf6 2. Bg5 e6 3. e4 c5 4. d5 Qb6 5. Nc3 Be7 6. Qd2 h6 7. Bf4 d6 8. Bb5+
Kf8 9. dxe6 Bxe6 10. O-O-O Nxe4 11. Nxe4 d5 12. Nc3 d4 13. Nge2 dxc3 14. Nxc3
Nc6 15. Bxc6 Qxc6 16. f3 Kg8 17. Nd5 Bd8 18. Rhe1 Qa4 19. Nc3 Qa6 20. Qd3 Qxd3
21. Rxd3 Ba5 22. Bd2 Kh7 23. Nd5 Bd8 24. Nf4 Bc8 25. Nd5 b6 26. Bf4 Be6 27. c4
Rc8 28. b3 Re8 29. Bd2 Bc7 30. Nxc7 Rxc7 31. Bf4 Rcc8 32. Kd2 1/2-1/2

[Event "Aut_chT1112"]
[Site "Jenbach"]
[Date "2012.03.02"]
[Round "5"]
[Board "1"]
[White "Bromberger, Stefan"]
[Black "Fauland, Alexander"]
[Result "1-0"]
[WhiteElo "2513"]
[BlackElo "2452"]
[PlyCount "69"]
[EventDate "2012.01.20"]
[EventType "team"]
[EventRounds "11"]
[EventCountry "AUT"]
[WhiteTeam "SIR Bernhard Glatz"]
[BlackTeam "ASVOE Poechlarn/Mauerbach"]

1. Nf3 g6 2. c4 Bg7 3. Nc3 c5 4. g3 Nc6 5. Bg2 d6 6. O-O Bg4 7. a3 Qd7 8. Rb1
Rc8 9. d3 Bh3 10. Bxh3 Qxh3 11. Nd5 Nf6 12. b4 cxb4 13. Bb2 h5 14. Ng5 Qd7 15.
Bxf6 Bxf6 16. Nxf6+ exf6 17. Ne4 Ke7 18. Qd2 h4 19. Qe3 Qe6 20. axb4 Ne5 21.
Qxa7 Qh3 22. Qxb7+ Kf8 23. Nxf6 Kg7 24. f4 Nc6 25. Qd7 hxg3 26. Qxh3 Rxh3 27.
Ne4 gxh2+ 28. Kh1 d5 29. cxd5 Nd4 30. Rb2 Nf5 31. b5 Re8 32. Rf3 Rxf3 33. exf3
Nd4 34. Kxh2 f5 35. Nc5 1-0

[Event "Aut_chT1112"]
[Site "Jenbach"]
[Date "2012.03.02"]
[Round "5"]
[Board "2"]
[White "Farago, Ivan"]
[Black "Geske, Julian"]
[Result "1-0"]
[WhiteElo "2500"]
[BlackElo "2383"]
[PlyCount "95"]
[EventDate "2012.01.20"]
[EventType "team"]
[EventRounds "11"]
[EventCountry "AUT"]
[WhiteTeam "ASVOE Poechlarn/Mauerbach"]
[BlackTeam "SIR Bernhard Glatz"]

1. d4 Nf6 2. c4 g6 3. Nc3 Bg7 4. e4 d6 5. Be2 O-O 6. Nf3 e5 7. O-O Nc6 8. d5
Ne7 9. b4 Nh5 10. Re1 a5 11. bxa5 Rxa5 12. a4 Nf4 13. Bf1 c5 14. Ra3 Ra6 15.
Nb5 h6 16. Nd2 g5 17. g3 Nfg6 18. Bg2 f5 19. exf5 Nxf5 20. Qh5 Nge7 21. Ne4 Bd7
22. Bb2 Be8 23. Qd1 Nd4 24. Bh3 Ng6 25. Bg4 Kh8 26. Bh5 Kg8 27. Bxd4 exd4 28.
Nbxd6 Rxd6 29. Nxd6 Qxd6 30. Re6 Qd7 31. Bxg6 Bxg6 32. Rxg6 Qf5 33. Rxg7+ Kxg7
34. Qe2 Rf7 35. Rb3 g4 36. Rb6 d3 37. Qd2 Kg8 38. Rb3 Qe4 39. Qxd3 Qe1+ 40. Qf1
Qd2 41. Re3 Rf3 42. Qe1 Qxe1+ 43. Rxe1 Rc3 44. Re4 h5 45. d6 Kf7 46. d7 Rd3 47.
Re5 Rxd7 48. Rxh5 1-0

[Event "Aut_chT1112"]
[Site "Jenbach"]
[Date "2012.03.02"]
[Round "5"]
[Board "4"]
[White "Tuncer, Ufuk"]
[Black "Schramm, Christian"]
[Result "1/2-1/2"]
[WhiteElo "2287"]
[BlackElo "2371"]
[PlyCount "93"]
[EventDate "2012.01.20"]
[EventType "team"]
[EventRounds "11"]
[EventCountry "AUT"]
[WhiteTeam "ASVOE Poechlarn/Mauerbach"]
[BlackTeam "SIR Bernhard Glatz"]

1. d4 e6 2. Nf3 c5 3. e4 cxd4 4. Nxd4 Nf6 5. Nc3 d6 6. g4 Be7 7. g5 Nfd7 8. h4
a6 9. Be3 Qc7 10. Rg1 Nc6 11. h5 Nxd4 12. Bxd4 O-O 13. h6 g6 14. Bg7 Re8 15.
Qd2 Ne5 16. Rg3 b5 17. f4 Nc4 18. Bxc4 Qxc4 19. Rd3 b4 20. Ne2 Qxe4 21. O-O-O
a5 22. Re3 Qc4 23. b3 Qc5 24. Ng3 Bb7 25. Qe2 e5 26. Kb1 Ba6 27. Qf3 Rac8 28.
Rc1 Bb7 29. Qe2 Ba6 30. Qf3 Bb7 31. Qe2 Ba6 32. Qf3 exf4 33. Qxf4 Qxg5 34. Qd4
Qc5 35. Qxc5 Rxc5 36. Rce1 Re5 37. Bxe5 dxe5 38. Rxe5 Kf8 39. Ne4 Ra8 40. Rxa5
Bb7 41. Rb5 Bc6 42. Re5 Bh4 43. Rh1 Be7 44. Re1 Bh4 45. Rh1 Be7 46. Re1 Bh4 47.
Rd5 1/2-1/2

[Event "Aut_chT1112"]
[Site "Jenbach"]
[Date "2012.03.02"]
[Round "5"]
[Board "5"]
[White "Mons, Leon"]
[Black "Kostic, Vladimir"]
[Result "1/2-1/2"]
[WhiteElo "2298"]
[BlackElo "2424"]
[PlyCount "84"]
[EventDate "2012.01.20"]
[EventType "team"]
[EventRounds "11"]
[EventCountry "AUT"]
[WhiteTeam "SIR Bernhard Glatz"]
[BlackTeam "ASVOE Poechlarn/Mauerbach"]

1. e4 e5 2. Nf3 Nc6 3. Bc4 Nf6 4. d3 Be7 5. O-O O-O 6. Nc3 d6 7. a3 Be6 8. Bxe6
fxe6 9. h3 Nd7 10. Be3 Bf6 11. b4 a5 12. Rb1 axb4 13. axb4 Kh8 14. Nb5 Re8 15.
c4 Nf8 16. Qd2 Ng6 17. Ra1 Qd7 18. Rxa8 Rxa8 19. Rb1 Nce7 20. d4 exd4 21. Bxd4
Bxd4 22. Nbxd4 e5 23. Ne2 Qe6 24. c5 d5 25. Ng5 Qg8 26. exd5 Nxd5 27. Rd1 c6
28. Nc3 h6 29. Nge4 Ngf4 30. Nxd5 cxd5 31. Nd6 d4 32. Qe1 Qd5 33. Qe4 Qxe4 34.
Nxe4 Ra2 35. Nd6 Ne2+ 36. Kh2 Nc3 37. Rd3 Rxf2 38. Nxb7 Nb5 39. Rd1 Nc3 40. c6
Rf7 41. Nd6 Rc7 42. Rd2 Rxc6 1/2-1/2

[Event "Aut_chT1112"]
[Site "Jenbach"]
[Date "2012.03.02"]
[Round "5"]
[Board "6"]
[White "Weinzettl, Ernst"]
[Black "Huch, Reiner"]
[Result "1/2-1/2"]
[WhiteElo "2301"]
[BlackElo "2321"]
[PlyCount "91"]
[EventDate "2012.01.20"]
[EventType "team"]
[EventRounds "11"]
[EventCountry "AUT"]
[WhiteTeam "ASVOE Poechlarn/Mauerbach"]
[BlackTeam "SIR Bernhard Glatz"]

1. e4 e6 2. d4 d5 3. exd5 exd5 4. Nf3 Bd6 5. c4 Nf6 6. Bd3 dxc4 7. Bxc4 O-O 8.
O-O Nc6 9. h3 h6 10. Nc3 Na5 11. Bd3 Be6 12. b3 Nc6 13. Be3 Nd5 14. Nxd5 Bxd5
15. Bc4 Ne7 16. Nh4 Qd7 17. Qh5 c6 18. Rfe1 Bc7 19. Bd3 Qd6 20. g3 Qf6 21. Bxh6
Bxg3 22. Bh7+ Kh8 23. fxg3 gxh6 24. Qe5 Qxe5 25. Rxe5 Be6 26. Bd3 Rfd8 27. Bc4
Rxd4 28. Bxe6 fxe6 29. Rxe6 Ng8 30. Rf1 Rd7 31. Ng6+ Kg7 32. Ne5 Rc7 33. Rg6+
Kh7 34. Rd6 Rg7 35. Kg2 Re8 36. Nd7 Re2+ 37. Rf2 Re3 38. Nf8+ Kh8 39. g4 Re8
40. Ng6+ Kh7 41. Nf8+ Kh8 42. Kg3 Rc8 43. h4 c5 44. Ng6+ Kh7 45. Nf8+ Kh8 46.
Ng6+ 1/2-1/2

[Event "Aut_chT1112"]
[Site "Jenbach"]
[Date "2012.03.02"]
[Round "5"]
[Board "1"]
[White "Bosiocic, Marin"]
[Black "Ragger, Markus"]
[Result "1/2-1/2"]
[WhiteElo "2562"]
[BlackElo "2654"]
[PlyCount "127"]
[EventDate "2012.01.20"]
[EventType "team"]
[EventRounds "11"]
[EventCountry "AUT"]
[WhiteTeam "ASVOE Signum Druck St. Veit/Glan"]
[BlackTeam "SK MPOE Maria Saal"]

1. d4 d5 2. c4 c6 3. Nf3 Nf6 4. e3 Bg4 5. h3 Bh5 6. Nc3 e6 7. Qb3 Qb6 8. Ne5
Be7 9. g4 Bg6 10. Nxg6 hxg6 11. Bg2 g5 12. Bd2 Nbd7 13. O-O-O a5 14. Qxb6 Nxb6
15. cxd5 exd5 16. Kb1 Bb4 17. f3 O-O-O 18. a3 Bd6 19. Rhe1 Nc4 20. Bc1 b5 21.
a4 b4 22. Ne2 Rhe8 23. e4 dxe4 24. Bxg5 Ne3 25. Bxe3 exf3 26. Bxf3 Rxe3 27.
Bxc6 Rxh3 28. Rc1 Kb8 29. g5 Ng8 30. Rf1 Ne7 31. Rxf7 Rh2 32. Bf3 Rf2 33. Rh1
g6 34. Nc1 Rc8 35. Bd5 Rcc2 36. Rh8+ Kc7 37. Rxf2 Rxf2 38. Bc4 Rg2 39. Nb3 Rxg5
40. Ra8 Nc8 41. Nxa5 b3 42. Bxb3 Bb4 43. Be6 Nb6 44. Ra7+ Kd6 45. Nc4+ Nxc4 46.
Bxc4 Rg4 47. Kc2 Rxd4 48. Kb3 Bd2 49. a5 Be3 50. Rg7 Rg4 51. a6 Rg5 52. a7 Ra5
53. Rxg6+ Kc7 54. Rg7+ Kb6 55. Re7 Bd4 56. Rd7 Bc5 57. Rg7 Rxa7 58. Rg6+ Kc7
59. Bd5 Bd6 60. Kc4 Ra4+ 61. Kd3 Be5 62. Kc2 Rd4 63. Bg2 Rc4+ 64. Kb3 1/2-1/2

[Event "Aut_chT1112"]
[Site "Jenbach"]
[Date "2012.03.02"]
[Round "5"]
[Board "2"]
[White "Pavasovic, Dusko"]
[Black "Prohaszka, Peter"]
[Result "1/2-1/2"]
[WhiteElo "2557"]
[BlackElo "2553"]
[PlyCount "69"]
[EventDate "2012.01.20"]
[EventType "team"]
[EventRounds "11"]
[EventCountry "AUT"]
[WhiteTeam "SK MPOE Maria Saal"]
[BlackTeam "ASVOE Signum Druck St. Veit/Glan"]

1. e4 c6 2. d4 d5 3. Nc3 dxe4 4. Nxe4 Nd7 5. Ng5 Ngf6 6. Bd3 e6 7. N1f3 Bd6 8.
Qe2 h6 9. Ne4 Nxe4 10. Qxe4 Nf6 11. Qe2 b6 12. Bd2 Qc7 13. O-O-O Bb7 14. Kb1
O-O-O 15. Ba6 Bxa6 16. Qxa6+ Qb7 17. Qe2 Rhe8 18. Rhe1 Re7 19. Ne5 Bxe5 20.
dxe5 Ne8 21. c4 Red7 22. Bc3 c5 23. f3 Qc6 24. b3 Nc7 25. Rxd7 Qxd7 26. Kc2 Na6
27. a3 Nb8 28. Rd1 Qxd1+ 29. Qxd1 Rxd1 30. Kxd1 Nc6 31. Kd2 a5 32. Kd3 Kd7 33.
g4 Ke8 34. Ke4 Kf8 35. Bb2 1/2-1/2

[Event "Aut_chT1112"]
[Site "Jenbach"]
[Date "2012.03.02"]
[Round "5"]
[Board "3"]
[White "Rogic, Davor"]
[Black "Tratar, Marko"]
[Result "1-0"]
[WhiteElo "2571"]
[BlackElo "2499"]
[PlyCount "83"]
[EventDate "2012.01.20"]
[EventType "team"]
[EventRounds "11"]
[EventCountry "AUT"]
[WhiteTeam "ASVOE Signum Druck St. Veit/Glan"]
[BlackTeam "SK MPOE Maria Saal"]

1. e4 e6 2. d4 d5 3. Nd2 c5 4. Ngf3 Nf6 5. e5 Ne4 6. Bd3 Nxd2 7. Bxd2 cxd4 8.
Nxd4 Nc6 9. Nxc6 bxc6 10. O-O g6 11. Qe2 Bg7 12. Bb4 a5 13. Bc5 Bf8 14. Bxf8
Kxf8 15. Rfe1 Kg7 16. Qd2 Ba6 17. Re3 c5 18. Rae1 a4 19. Bxa6 Rxa6 20. b3 axb3
21. axb3 Qa5 22. Qe2 Rha8 23. h4 Qb4 24. g3 Qxe1+ 25. Qxe1 Ra1 26. Kf1 h6 27.
Rc3 Rxe1+ 28. Kxe1 Ra5 29. Ke2 g5 30. hxg5 hxg5 31. Kf3 Kg6 32. Kg4 Rb5 33. f4
gxf4 34. gxf4 c4 35. bxc4 Rc5 36. f5+ exf5+ 37. Kf4 Rxc4+ 38. Rxc4 dxc4 39. c3
Kg7 40. Kxf5 Kf8 41. Ke4 Ke7 42. Kd5 1-0

[Event "Aut_chT1112"]
[Site "Jenbach"]
[Date "2012.03.02"]
[Round "5"]
[Board "5"]
[White "Kaspret, Guido"]
[Black "Halvax, Georg"]
[Result "0-1"]
[WhiteElo "2292"]
[BlackElo "2277"]
[PlyCount "90"]
[EventDate "2012.01.20"]
[EventType "team"]
[EventRounds "11"]
[EventCountry "AUT"]
[WhiteTeam "ASVOE Signum Druck St. Veit/Glan"]
[BlackTeam "SK MPOE Maria Saal"]

1. c4 e6 2. Nf3 Nf6 3. b3 d5 4. Bb2 b6 5. g3 Bb7 6. cxd5 Nxd5 7. Bg2 c5 8. O-O
Nd7 9. Na3 N7f6 10. d4 cxd4 11. Qxd4 Rc8 12. Rfd1 Bc5 13. Qa4+ Bc6 14. Qh4 Qe7
15. Nc4 O-O 16. a3 b5 17. Nce5 Ba8 18. b4 Bb6 19. e4 Nc3 20. Nd7 Bxf2+ 21. Kh1
Ncxe4 22. Ng5 Nxg5 23. Qxg5 Bxg2+ 24. Kxg2 Rc2 25. Nxf6+ Kh8 26. Kh3 Rxb2 27.
Nxh7 Qxg5 28. Nxg5 Be3 29. Nf3 g6 30. Rd3 Bb6 31. Rad1 Kg7 32. R1d2 Rxd2 33.
Rxd2 Kf6 34. Rd7 Rc8 35. Rd3 Rc4 36. g4 g5 37. Nd2 Rf4 38. Nb3 Bc7 39. Nd4 Rf2
40. Rf3+ Rxf3+ 41. Nxf3 Be5 42. Ne1 Bc3 43. Nd3 e5 44. Kg2 e4 45. Nc5 Ke5 0-1

[Event "Aut_chT1112"]
[Site "Jenbach"]
[Date "2012.03.02"]
[Round "5"]
[Board "6"]
[White "Schachinger, Mario"]
[Black "Hebesberger, Thomas"]
[Result "1/2-1/2"]
[WhiteElo "2391"]
[BlackElo "2329"]
[PlyCount "112"]
[EventDate "2012.01.20"]
[EventType "team"]
[EventRounds "11"]
[EventCountry "AUT"]
[WhiteTeam "SK MPOE Maria Saal"]
[BlackTeam "ASVOE Signum Druck St. Veit/Glan"]

1. d4 c5 2. c3 Nf6 3. Nf3 e6 4. Bf4 b6 5. e3 Be7 6. h3 O-O 7. Nbd2 d5 8. Bd3
Ba6 9. Bxa6 Nxa6 10. O-O Qd7 11. a4 Qb7 12. Qb3 Rfc8 13. Rfe1 h6 14. Bh2 Nb8
15. Ne5 Nc6 16. dxc5 Nxe5 17. Bxe5 Nd7 18. Bd6 Nxc5 19. Bxc5 Rxc5 20. Nf3 a6
21. Nd4 Rac8 22. Qd1 Bf6 23. Qd3 Rc4 24. Nb3 Qc6 25. Qc2 Rxa4 26. Nd4 Rxa1 27.
Rxa1 Bxd4 28. exd4 Qc4 29. Qa4 Qxa4 30. Rxa4 a5 31. Kf1 Kf8 32. Ke2 Ke7 33. Kd3
Kd6 34. Ra1 Kc6 35. b3 Ra8 36. f4 b5 37. b4 a4 38. Ra3 g5 39. Ke3 Kd6 40. Kf3
Rg8 41. Ra2 gxf4 42. Kxf4 h5 43. g3 f6 44. Rg2 e5+ 45. Kf5 e4 46. Kxf6 Re8 47.
g4 hxg4 48. hxg4 e3 49. Re2 a3 50. g5 Rf8+ 51. Kg7 Ra8 52. Rxe3 a2 53. Rf3 Ra7+
54. Kg8 Ra8+ 55. Kg7 Ra7+ 56. Kg8 Ra8+ 1/2-1/2

[Event "Aut_chT1112"]
[Site "Jenbach"]
[Date "2012.03.02"]
[Round "5"]
[Board "1"]
[White "Rozentalis, Eduardas"]
[Black "Antoniewski, Rafal"]
[Result "1/2-1/2"]
[WhiteElo "2601"]
[BlackElo "2559"]
[PlyCount "97"]
[EventDate "2012.01.20"]
[EventType "team"]
[EventRounds "11"]
[EventCountry "AUT"]
[WhiteTeam "SK Hohenems"]
[BlackTeam "ASVOE Wulkaprodersdorf"]

1. e4 c6 2. Nc3 d5 3. Nf3 Bg4 4. h3 Bxf3 5. Qxf3 e6 6. a3 Nd7 7. d3 Ngf6 8. g3
Bd6 9. Bg2 Qc7 10. Qe2 O-O 11. O-O Be5 12. Nd1 Bd4 13. Kh2 b5 14. f4 dxe4 15.
dxe4 e5 16. f5 Ne8 17. Nf2 Nd6 18. Ng4 f6 19. Kh1 Nf7 20. Nh2 Nb6 21. Nf3 Nc4
22. c3 Bc5 23. a4 a5 24. b3 Ncd6 25. Ne1 Rfd8 26. g4 Rab8 27. h4 h6 28. Nf3
bxa4 29. bxa4 Qe7 30. Nd2 Qa7 31. Rf3 Rd7 32. Nf1 Rdb7 33. Rh3 Kf8 34. g5 Rb1
35. Rxb1 Rxb1 36. Qc2 Rxc1 37. Qxc1 fxg5 38. f6 g4 39. Rd3 gxf6 40. Qd1 Qd7 41.
Ng3 Qe6 42. Qb1 Kg7 43. Rd1 Bf2 44. Nf5+ Nxf5 45. exf5 Qc4 46. Qe4 Qxc3 47.
Qxg4+ Kf8 48. Rb1 Ba7 49. Qf3 1/2-1/2

[Event "Aut_chT1112"]
[Site "Jenbach"]
[Date "2012.03.02"]
[Round "5"]
[Board "2"]
[White "Polzin, Rainer"]
[Black "Bindrich, Falko"]
[Result "0-1"]
[WhiteElo "2460"]
[BlackElo "2542"]
[PlyCount "76"]
[EventDate "2012.01.20"]
[EventType "team"]
[EventRounds "11"]
[EventCountry "AUT"]
[WhiteTeam "ASVOE Wulkaprodersdorf"]
[BlackTeam "SK Hohenems"]

1. e4 e5 2. Nf3 Nc6 3. Bb5 a6 4. Ba4 Nf6 5. O-O Be7 6. Re1 b5 7. Bb3 d6 8. c3
O-O 9. d4 Bg4 10. Be3 exd4 11. cxd4 Na5 12. Bc2 Nc4 13. Bc1 c5 14. b3 Nb6 15.
Nbd2 cxd4 16. h3 Bh5 17. Bb2 Rc8 18. g4 d3 19. Bxd3 Bg6 20. Qe2 Nfd7 21. a4
bxa4 22. bxa4 a5 23. Nb3 Bf6 24. Bb5 Bxe4 25. Qxe4 Bxb2 26. Rad1 Bc3 27. Re2
Nc5 28. Nxc5 Rxc5 29. h4 d5 30. Qf4 d4 31. Qg3 Nc4 32. Ng5 Nb2 33. Rb1 d3 34.
Rexb2 Bxb2 35. Bxd3 Rc1+ 36. Kg2 h6 37. Rxb2 hxg5 38. hxg5 Qd5+ 0-1

[Event "Aut_chT1112"]
[Site "Jenbach"]
[Date "2012.03.02"]
[Round "5"]
[Board "3"]
[White "Atlas, Valery"]
[Black "Schneider, Ilja"]
[Result "1/2-1/2"]
[WhiteElo "2413"]
[BlackElo "2480"]
[PlyCount "113"]
[EventDate "2012.01.20"]
[EventType "team"]
[EventRounds "11"]
[EventCountry "AUT"]
[WhiteTeam "SK Hohenems"]
[BlackTeam "ASVOE Wulkaprodersdorf"]

1. e4 c6 2. Nf3 d5 3. Nc3 Bg4 4. h3 Bxf3 5. Qxf3 e6 6. g3 Nf6 7. a3 Nxe4 8.
Nxe4 dxe4 9. Qxe4 Qd5 10. Bg2 Nd7 11. O-O Qxe4 12. Bxe4 O-O-O 13. Bg2 Be7 14.
d4 Bf6 15. c3 Nb6 16. Re1 Rhe8 17. h4 e5 18. dxe5 Bxe5 19. Bf1 Kc7 20. Be3 Nd5
21. Bd2 a6 22. Rad1 Nb6 23. Bc1 Rxd1 24. Rxd1 Na4 25. Re1 Re7 26. Kg2 b5 27.
Bd3 h6 28. h5 Nc5 29. Bc2 a5 30. f4 Bf6 31. Rxe7+ Bxe7 32. Kf3 a4 33. g4 Kd6
34. g5 Kd5 35. Bh7 Bf8 36. Be3 Kc4 37. Bg8 Kb3 38. Bxf7+ Kxb2 39. f5 hxg5 40.
Bxg5 Kxc3 41. f6 b4 42. fxg7 Bxg7 43. h6 Bd4 44. axb4 Nb3 45. b5 cxb5 46. Be7
b4 47. Bf8 a3 48. Bxb3 Kxb3 49. Bg7 Bc3 50. Bxc3 bxc3 51. h7 a2 52. h8=Q a1=Q
53. Qb8+ Kc2 54. Qh2+ Kb3 55. Qb8+ Ka2 56. Qa7+ Kb2 57. Qb6+ 1/2-1/2

[Event "Aut_chT1112"]
[Site "Jenbach"]
[Date "2012.03.02"]
[Round "5"]
[Board "5"]
[White "Novkovic, Milan"]
[Black "Abel, Dennes"]
[Result "1-0"]
[WhiteElo "2381"]
[BlackElo "2427"]
[PlyCount "63"]
[EventDate "2012.01.20"]
[EventType "team"]
[EventRounds "11"]
[EventCountry "AUT"]
[WhiteTeam "SK Hohenems"]
[BlackTeam "ASVOE Wulkaprodersdorf"]

1. d4 Nf6 2. c4 g6 3. Nc3 d5 4. Bf4 Bg7 5. e3 O-O 6. Rc1 c5 7. dxc5 Na6 8. cxd5
Nxc5 9. Nf3 Qa5 10. Qd2 Na4 11. Bc4 Nxc3 12. Qxc3 Qd8 13. Be5 Ne4 14. Qa3 Bxe5
15. Nxe5 e6 16. O-O exd5 17. Be2 Qf6 18. Nf3 Bg4 19. Qb4 Rfd8 20. Qd4 Qf5 21.
h3 Bxf3 22. Bxf3 Ng5 23. Bg4 Qe4 24. Qf6 h6 25. Rc7 Rf8 26. Rfc1 b6 27. Re7 Qa4
28. Rcc7 Qxa2 29. f4 Qb1+ 30. Kh2 Nh7 31. Qe6 Qe4 32. Rxf7 1-0

[Event "Aut_chT1112"]
[Site "Jenbach"]
[Date "2012.03.02"]
[Round "5"]
[Board "6"]
[White "Kopinits, Anna-Christina"]
[Black "Baldauf, Marco"]
[Result "0-1"]
[WhiteElo "2257"]
[BlackElo "2374"]
[PlyCount "72"]
[EventDate "2012.01.20"]
[EventType "team"]
[EventRounds "11"]
[EventCountry "AUT"]
[WhiteTeam "ASVOE Wulkaprodersdorf"]
[BlackTeam "SK Hohenems"]

1. e4 e6 2. d4 d5 3. Nd2 c5 4. exd5 Qxd5 5. Ngf3 cxd4 6. Bc4 Qd6 7. O-O Nf6 8.
Nb3 Nc6 9. Nbxd4 Nxd4 10. Nxd4 a6 11. Bb3 Qc7 12. h3 Bd6 13. Qf3 O-O 14. Bg5
Nd7 15. c3 Ne5 16. Qe2 h6 17. Be3 Bd7 18. Rad1 Rad8 19. Qh5 Nc4 20. Bxc4 Qxc4
21. Bxh6 gxh6 22. Qxh6 Be5 23. Nf3 Qf4 24. Qh5 Bf6 25. h4 Bc6 26. Ng5 Bxg5 27.
hxg5 Be4 28. Rde1 Bg6 29. Qh6 Rd5 30. Re3 Qxg5 31. Qh2 Kg7 32. Qc7 Rh8 33. Qxb7
Qf4 34. Rh3 Rxh3 35. gxh3 Rg5+ 36. Kh1 Be4+ 0-1

[Event "Aut_chT1112"]
[Site "Jenbach"]
[Date "2012.03.03"]
[Round "6"]
[Board "1"]
[White "Rapport, Richard"]
[Black "Antoniewski, Rafal"]
[Result "1/2-1/2"]
[WhiteElo "2559"]
[BlackElo "2559"]
[PlyCount "50"]
[EventDate "2012.01.20"]
[EventType "team"]
[EventRounds "11"]
[EventCountry "AUT"]
[WhiteTeam "SK Sparkasse Fuerstenfeld"]
[BlackTeam "ASVOE Wulkaprodersdorf"]

1. d4 Nf6 2. c4 g6 3. Nc3 Bg7 4. e4 d6 5. Nf3 O-O 6. Be2 Nbd7 7. O-O e5 8. Be3
Qe7 9. dxe5 dxe5 10. Nd5 Qd8 11. Qc2 Nh5 12. Bg5 f6 13. Bd2 c6 14. Nc3 Qe7 15.
Rfe1 Nc5 16. b4 Ne6 17. c5 Nef4 18. Bc4+ Kh8 19. Ne2 Bg4 20. Nxf4 Nxf4 21. Qb3
Rfd8 22. Rad1 Ne6 23. Bc3 Nf4 24. Bd2 Ne6 25. Bc3 Nf4 1/2-1/2

[Event "Aut_chT1112"]
[Site "Jenbach"]
[Date "2012.03.03"]
[Round "6"]
[Board "2"]
[White "Polzin, Rainer"]
[Black "Hera, Imre"]
[Result "1/2-1/2"]
[WhiteElo "2460"]
[BlackElo "2555"]
[PlyCount "102"]
[EventDate "2012.01.20"]
[EventType "team"]
[EventRounds "11"]
[EventCountry "AUT"]
[WhiteTeam "ASVOE Wulkaprodersdorf"]
[BlackTeam "SK Sparkasse Fuerstenfeld"]

1. e4 c6 2. d4 d5 3. e5 Bf5 4. Nd2 e6 5. Nb3 Nd7 6. Nf3 c5 7. dxc5 Bxc5 8. Nxc5
Nxc5 9. Bb5+ Nd7 10. Nd4 Ne7 11. Bg5 Bg6 12. h4 h6 13. Bxe7 Qxe7 14. Bxd7+ Qxd7
15. Qg4 O-O 16. O-O Rac8 17. c3 b5 18. Rfe1 Rc4 19. Re3 h5 20. Qf4 b4 21. cxb4
Rxb4 22. b3 Rc8 23. a3 Rb6 24. Rg3 Qc7 25. Rd1 Kh7 26. Re3 Qe7 27. Ra1 a5 28.
Ree1 Rb7 29. Rec1 Rxc1+ 30. Rxc1 Qxa3 31. Nf3 f6 32. exf6 gxf6 33. Rc7+ Rxc7
34. Qxc7+ Kh6 35. Qf4+ Kg7 36. Qc7+ Kh6 37. Qf4+ Kg7 38. Qc7+ Bf7 39. Qg3+ Kh7
40. Qc7 Kg8 41. Qg3+ Kf8 42. Qb8+ Be8 43. Qd8 Qc1+ 44. Kh2 Qc3 45. Qb6 Ke7 46.
Nd4 Bd7 47. Qa7 Kd8 48. Qb8+ Ke7 49. Qa7 Kd8 50. Qb8+ Ke7 51. Qa7 Kd8 1/2-1/2

[Event "Aut_chT1112"]
[Site "Jenbach"]
[Date "2012.03.03"]
[Round "6"]
[Board "3"]
[White "Pinter, Jozsef"]
[Black "Schneider, Ilja"]
[Result "1-0"]
[WhiteElo "2548"]
[BlackElo "2480"]
[PlyCount "159"]
[EventDate "2012.01.20"]
[EventType "team"]
[EventRounds "11"]
[EventCountry "AUT"]
[WhiteTeam "SK Sparkasse Fuerstenfeld"]
[BlackTeam "ASVOE Wulkaprodersdorf"]

1. d4 d5 2. c4 c6 3. Nc3 Nf6 4. e3 a6 5. Nf3 b5 6. cxd5 cxd5 7. Ne5 e6 8. Bd3
Bd6 9. O-O Nbd7 10. f4 Bb7 11. Qf3 O-O 12. a3 Rc8 13. Bd2 Nb6 14. Be1 Nc4 15.
Bxc4 bxc4 16. Bh4 Be7 17. f5 Qd6 18. Rac1 exf5 19. Qxf5 Qe6 20. Rc2 Rcd8 21.
Rcf2 Qxf5 22. Rxf5 Rd6 23. Ng4 Re8 24. Bxf6 Bxf6 25. Nxf6+ Rxf6 26. Rxf6 gxf6
27. Rf3 Kg7 28. Kf2 Bc6 29. Ke1 f5 30. Kd2 Kg6 31. Kc2 Rb8 32. Rg3+ Kf6 33. Kc1
a5 34. Ne2 Rb3 35. Rh3 Kg7 36. Rf3 Bd7 37. Nc3 Be6 38. Na4 f4 39. exf4 Rxf3 40.
gxf3 Bd7 41. Nc3 Bc6 42. Nd1 Kg6 43. Ne3 f5 44. Kd2 Kf6 45. Kc3 Ke6 46. b3 cxb3
47. Kxb3 Bb5 48. Nd1 Kd6 49. Nc3 Kc6 50. Kc2 Ba6 51. Kd2 Bc8 52. Ke3 Bd7 53.
Kf2 Kd6 54. Kg3 Be8 55. Kh4 h6 56. Kg3 Bd7 57. Kf2 Kc6 58. Ke3 Bc8 59. Kd2 Ba6
60. Na4 Kb5 61. Nc5 Bc8 62. Kc3 a4 63. Nd3 Bd7 64. Nb4 Be6 65. Kd3 Kb6 66. Na2
Bd7 67. Nc3 Bc6 68. Kd2 Ka5 69. Nd1 Bd7 70. Ne3 Be6 71. Ke1 Kb5 72. Kf2 Bg8 73.
Kg3 Bh7 74. Nxd5 Kc4 75. Nb6+ Kb3 76. d5 Bg8 77. d6 Be6 78. d7 Bxd7 79. Nxd7
Kxa3 80. Nb6 1-0

[Event "Aut_chT1112"]
[Site "Jenbach"]
[Date "2012.03.03"]
[Round "6"]
[Board "4"]
[White "Thiede, Lars"]
[Black "Feher, Adam"]
[Result "0-1"]
[WhiteElo "2458"]
[BlackElo "2336"]
[PlyCount "92"]
[EventDate "2012.01.20"]
[EventType "team"]
[EventRounds "11"]
[EventCountry "AUT"]
[WhiteTeam "ASVOE Wulkaprodersdorf"]
[BlackTeam "SK Sparkasse Fuerstenfeld"]

1. c4 Nf6 2. g3 e6 3. Nf3 d5 4. b3 Be7 5. Bb2 O-O 6. Bg2 b6 7. O-O Bb7 8. e3 c5
9. Qe2 dxc4 10. bxc4 Nc6 11. Nc3 Qc7 12. Ne1 Rfd8 13. d3 a6 14. Rb1 Rab8 15. f4
Na7 16. Bxb7 Rxb7 17. g4 b5 18. g5 Ne8 19. Rc1 bxc4 20. dxc4 Nd6 21. Ba1 Nc6
22. Rf3 Bf8 23. Rh3 g6 24. Qg4 h5 25. gxh6 Kh7 26. Nf3 Be7 27. Ng5+ Bxg5 28.
Qxg5 Qe7 29. Qxc5 Nb4 30. Qg5 f6 31. Qg2 Nd3 32. Rf1 Nc5 33. e4 Nxc4 34. Qe2
Nd2 35. Re1 Rbd7 36. Rg3 Qd6 37. f5 exf5 38. exf5 g5 39. Qh5 Rg8 40. Rge3 g4
41. R1e2 Qf4 42. Re7+ Kh8 43. Rf2 Nf3+ 44. Kg2 Rxe7 45. Nd5 Qc1 46. Bxf6+ Kh7
0-1

[Event "Aut_chT1112"]
[Site "Jenbach"]
[Date "2012.03.03"]
[Round "6"]
[Board "5"]
[White "Postl, Anton"]
[Black "Abel, Dennes"]
[Result "0-1"]
[WhiteElo "2270"]
[BlackElo "2427"]
[PlyCount "96"]
[EventDate "2012.01.20"]
[EventType "team"]
[EventRounds "11"]
[EventCountry "AUT"]
[WhiteTeam "SK Sparkasse Fuerstenfeld"]
[BlackTeam "ASVOE Wulkaprodersdorf"]

1. d4 d5 2. c4 c6 3. Nc3 dxc4 4. Nf3 b5 5. e4 Nf6 6. e5 Nd5 7. a4 e6 8. axb5
Nxc3 9. bxc3 cxb5 10. Ng5 Bb7 11. Qh5 g6 12. Qg4 Be7 13. h4 h5 14. Qf4 Bxg5 15.
hxg5 Nd7 16. Ba3 Nb6 17. Bc5 Nd5 18. Qd2 a5 19. Rh4 Kd7 20. Be2 Ne7 21. Rf4 Nf5
22. Bf3 Bxf3 23. Rxf3 Qc7 24. Rf4 Qc6 25. f3 h4 26. Kf2 Rhb8 27. Re4 Qd5 28.
Ree1 Rc8 29. Red1 Ke8 30. Kg1 h3 31. Qf4 hxg2 32. Kxg2 b4 33. cxb4 axb4 34.
Rxa8 Rxa8 35. Bxb4 Ra2+ 36. Kg1 Rb2 37. Bc5 c3 38. Rc1 c2 39. Kf2 Rb3 40. Qe4
Rc3 41. Qe2 Nxd4 42. Bxd4 Qxd4+ 43. Kg3 Qc4 44. Qh2 Qd3 45. Qh8+ Kd7 46. Qa8
Qd4 47. Qa5 Rc4 48. Qb5+ Ke7 0-1